| 000 | 00556nam a2200169 4500 | ||
|---|---|---|---|
| 008 | 171201b xxu||||| |||| 00| 0 eng d | ||
| 020 | _a0-13-520925-0 | ||
| 082 |
_21996 _aDC 657.046 _bB37 |
||
| 100 |
_923853 _aBeams, Floyd A |
||
| 245 |
_aAdvanced accounting / _cFloyd A. Beams. |
||
| 250 | _aSixth Edition | ||
| 260 |
_aUpper Saddle River, New Jersey : _bPrentice Hall, _c© 1996. |
||
| 300 |
_axiv, 920 pages : _billustrations ; _c26 cm. |
||
| 500 | _aIncludes bibliographical references and index. | ||
| 650 | 0 |
_923854 _aAccounting |
|
| 942 |
_2ddc _cDC |
||
| 999 |
_c7848 _d7848 |
||